Three plays : (Record no. 48995)
[ view plain ]
| 000 -LEADER | |
|---|---|
| fixed length control field | 00847cam a22002771 4500 |
| 001 - CONTROL NUMBER | |
| control field | 4529591 |
| 005 - DATE AND TIME OF LATEST TRANSACTION | |
| control field | 20191125104800.0 |
| 008 - FIXED-LENGTH DATA ELEMENTS--GENERAL INFORMATION | |
| fixed length control field | 730522s1957 nyu 000 0 eng |
| 010 ## - LIBRARY OF CONGRESS CONTROL NUMBER | |
| LC control number | 57010252 |
| 040 ## - CATALOGING SOURCE | |
| Original cataloging agency | DLC |
| Transcribing agency | DLC |
| Modifying agency | DLC |
| 100 1# - MAIN ENTRY--PERSONAL NAME | |
| Personal name | Wilder, Thornton, |
| Dates associated with a name | 1897-1975. |
| 240 10 - UNIFORM TITLE | |
| Uniform title | <a href="Plays.">Plays.</a> |
| Form subheading | Selections |
| 245 00 - TITLE STATEMENT | |
| Title | Three plays : |
| Remainder of title | our town, the skin of our teeth, the matchmaker / |
| Statement of responsibility, etc | Thornton Wilder. |
| 260 ## - PUBLICATION, DISTRIBUTION, ETC. (IMPRINT) | |
| Place of publication, distribution, etc | New York : |
| Name of publisher, distributor, etc | Bantam Books, |
| Date of publication, distribution, etc | 1957. |
| 300 ## - PHYSICAL DESCRIPTION | |
| Extent | 225 p. ; |
| Dimensions | 18 cm. |
| 336 ## - CONTENT TYPE | |
| Content Type Term | text |
| 337 ## - MEDIA TYPE | |
| Media Type Term | unmediated |
| 338 ## - CARRIER TYPE | |
| Carrier Type Term | volume |
| 500 ## - GENERAL NOTE | |
| General note | The matchmaker is a rewritten version of The merchant of Yonkers. |
| 650 ## - SUBJECT ADDED ENTRY--TOPICAL TERM | |
| Topical term or geographic name as entry element | American drama |
| General subdivision | Collections. |
| 740 0# - ADDED ENTRY--UNCONTROLLED RELATED/ANALYTICAL TITLE | |
| Uncontrolled related/analytical title | Our town. |
| 740 0# - ADDED ENTRY--UNCONTROLLED RELATED/ANALYTICAL TITLE | |
| Uncontrolled related/analytical title | Skin of our teeth. |
| 740 0# - ADDED ENTRY--UNCONTROLLED RELATED/ANALYTICAL TITLE | |
| Uncontrolled related/analytical title | Matchmaker. |
| 906 ## - LOCAL DATA ELEMENT F, LDF (RLIN) | |
| a | 7 |
| b | cbc |
| c | orignew |
| d | u |
| e | ocip |
| f | 19 |
| g | y-gencatlg |
| 942 ## - ADDED ENTRY ELEMENTS (KOHA) | |
| Source of classification or shelving scheme | Library of Congress Classification |
| Item type | Books |
| Withdrawn status | Lost status | Source of classification or shelving scheme | Damaged status | Not for loan | Home library | Current library | Shelving location | Date acquired | Source of acquisition | Inventory number | Total Checkouts | Full call number | Barcode | Date last seen | Price effective from | Koha item type | Copy number |
|---|---|---|---|---|---|---|---|---|---|---|---|---|---|---|---|---|---|
| Library of Congress Classification | BSOP Library | BSOP Library | GC | 11/25/2019 | Caroll Herrmann | 7310 | PS3545 W64 | 00021563 | 11/25/2019 | 11/25/2019 | Books | ||||||
| Library of Congress Classification | BSOP Library | BSOP Library | GC | 11/25/2019 | Caroll Herrmann | 9853 | PS3545 W64 c.2 | 00021564 | 11/25/2019 | 11/25/2019 | Books | c.2 |
